000 01200nam0a22002411 4500
001 rc\3779286
005 20250530045316.0
035 _a(NLR Aleph) 007229985
090 _a7724141
_c7724141
100 _a20120207d1975 |||y0rusy50 ca
101 0 _arus
102 _aRU
105 _ay z |||||
200 1 _aКПСС - организатор Великой Победы
_eСборник материалов Юбил. воен.-науч. конф., посвящ. 30-летию победы сов. народа в Великой Отеч. войне 1941-1945 гг.)
_f[Ред. коллегия: С.С. Левковцев (руководитель)]. [и др.]
_gКиев. высш. общевойсковое командное училище им. М.В. Фрунзе. Кафедра марксизма-ленинизма
210 _aКиев
_cБ. и.
_d1975
215 _a132 с.
_d22
532 1 2 _aКоммунистическая партия Советского Союза - организатор Великой Победы
702 1 _aЛевковцев
_bС.С.
_4340
801 0 _aRU
_bNLR
_gpsbo
801 1 _aRU
_bELAR
_2rusmarc
852 _aNLR
_j78-5/45
942 _cBOOK
980 _aNB